| 000 | 00476nam a22001577a 4500 | ||
|---|---|---|---|
| 020 | _a9788172338015 | ||
| 082 |
_a631.587 _bCRI/WA |
||
| 100 |
_aCritchley,Will _9677 |
||
| 100 |
_aSiegert,Klaus _9678 |
||
| 100 |
_aChapman,C _9679 |
||
| 100 |
_aFinkel,M _9680 |
||
| 245 | _aWater Harvesting: A Manual for the Design and Construction of Water Harvesting Schemes for Plant Production | ||
| 260 |
_aNew Delhi _bScientific Publishers (India) _c2013 |
||
| 300 | _a163 | ||
| 942 | _cBK | ||
| 999 |
_c14422 _d14422 |
||